00414nam a2200157Ia 450000500170000000800410001704000190005804100120007708200160008910000190010524500540012426000310017830000100020965000270021985000100024620230324091555.0131103s9999 xx 000 0 und d aLoreto College aEnglish a822.91bBEH aBehan, Brendan 4aThe quare fellowb A comedy drama cBrendan Behan aLondonbMethuen & Coc1965 a87p.  aEnglish comedy - drama aLCLIB